|
|
|
|
| LEADER |
00000cam a2200000 a 4500 |
| 001 |
vtls008392160 |
| 003 |
SK-MaSNL |
| 005 |
20260302052255.0 |
| 008 |
180812s1928 xo grn 000 0 cze |
| 015 |
|
|
|a SNBA19191938-001662
|
| 020 |
|
|
|q (brož.)
|
| 035 |
|
|
|a SK01SNKBIKKM20010084377
|
| 035 |
|
|
|a SKM000086840
|
| 040 |
|
|
|a SNK
|b slo
|c SNK
|e AACR2
|
| 041 |
0 |
|
|a cze
|
| 044 |
|
|
|a xo
|c SK
|
| 072 |
|
7 |
|a 821.162.3.09
|x Česká literatúra (o nej)
|2 konspekt
|
| 080 |
|
|
|a 821.162.3-1-055.1
|2 2011
|
| 080 |
|
|
|a (042.3)
|2 2011
|
| 100 |
1 |
|
|a Pražák, Albert,
|d 1880-1956
|4 aut
|9 108547
|
| 245 |
1 |
0 |
|a Československá otázka u Havlíčka
|c Albert Pražák
|
| 260 |
|
|
|a Bratislava
|b Extense Univerzity Komenského
|c 1928
|e Bratislava
|f Slov. Grafia
|
| 300 |
|
|
|a 25, [3] s.
|c 22 cm
|
| 490 |
1 |
|
|a Sbírka přednášek a rozprav extense UK v Bratislavě
|v sv. 25
|
| 504 |
|
|
|a Obsahuje bibliografické odkazy
|
| 600 |
1 |
7 |
|a Havlíček Borovský, Karel,
|d 1821-1856
|2 SNKMA
|9 107426
|
| 650 |
0 |
7 |
|a českí básnici
|2 SNKPH
|9 82288
|
| 655 |
|
7 |
|a prednášky
|2 SNKPH
|9 70554
|
| 830 |
|
0 |
|a Sbírka přednášek a rozprav extense UK v Bratislavě
|9 356492
|
| 852 |
|
|
|a Slovenská národná knižnica
|
| 954 |
|
|
|a odborná, vedecká literatúra cudzojazyčná (svetová)
|2 lita
|
| 954 |
|
|
|a odborná, vedecká literatúra pôvodná (slovenská)
|2 lita
|
| 958 |
|
|
|a OND
|
| 958 |
|
|
|a NB
|
| 999 |
|
|
|c 1104513
|d 1106443
|
| 952 |
|
|
|a SNK
|b SNK
|y PREZ
|7 0
|p 17A0715570
|o snkSC 983/25
|i snk2553/33
|0 0
|1 0
|4 0
|d 2013-05-16
|f 1
|l 0
|r 2025-06-04 00:00:00
|w 2026-02-24
|
| 952 |
|
|
|a SNK
|b SNK
|y VYP
|7 0
|p 17A1053563
|o snkSC 983/25 D1
|i snkKSK 1607/58
|8 3
|0 0
|1 0
|4 0
|d 2012-11-21
|l 0
|r 2026-02-24 17:41:47
|w 2026-02-24
|
| 952 |
|
|
|a SNK
|b SNK
|y VYP
|7 0
|p 17A1053564
|o snkSC 983/25 D2
|i snkF 2191/63
|8 5
|0 0
|1 0
|4 0
|d 2012-11-21
|l 0
|r 2026-02-24 17:41:47
|w 2026-02-24
|